KNVB Beker Winners (Dutch Football Cup) - Statistics

General Stats
  • This quiz has been taken 19 times
  • The average score is 68 of 107
Answer Stats
Year Winner % Correct
1917 | 1943 | 1961 | +17 others Ajax
100%
1930 | 1935 | 1965 | 1969 Feijenoord
100%
1980 | 1984 | 1991 | +7 others Feyenoord
100%
1950 | 1974 | 1976 | +8 others PSV
100%
2013 | 2026 AZ
94%
1978 | 1981 | 1982 AZ '67
94%
2015 FC Groningen
89%
2001 | 2011 FC Twente
72%
1977 FC Twente '65
72%
1958 | 1962 | 1966 Sparta Rotterdam
72%
2017 Vitesse
72%
2025 Go Ahead Eagles
67%
1973 NAC
67%
2009 sc Heerenveen
67%
1944 | 1963 Willem II
67%
1968 ADO
61%
1985 | 2003 | 2004 FC Utrecht
61%
2014 PEC Zwolle
56%
1997 | 2000 Roda JC
56%
1975 FC Den Haag
44%
1902 | 1912 HFC Haarlem
28%
1911 | 1916 H.V. & C.V. Quick
28%
1909 | 1910 H.V. & C.V. Quick-2
28%
1904 | 1913 | 1915 Koninklijke HFC
28%
1959 VVV
28%
1937 Eindhoven
22%
1957 | 1964 Fortuna '54
17%
1949 Quick 1888
17%
1903 HVV
11%
1939 | 1948 WVV Wageningen
11%
1900 CVV Velocitas
6%
1914 | 1932 DFC
6%
1899 RAP
6%
1918 | 1928 RCH
6%
1936 RFC Roermond
6%
1926 T.S.V. LONGA
6%
1934 Velocitas 1897
6%
1938 VSV
6%
1920 CVV
0%
1906 DSV Concordia
0%
1901 HBS
0%
1908 HBS-2
0%
1905 | 1907 VOC
0%
1927 VUC
0%
1921 VV Schoten
0%
1925 ZFC
0%
No matching quizzes found
Score Distribution
Percent of People with Each Score
Percentile by Number Answered
Your Score History
You have not taken this quiz